| 000 | 00603nam a2200193 i 4500 | ||
|---|---|---|---|
| 001 | 80480 | ||
| 003 | ES-MaACL | ||
| 005 | 20231226202703.0 | ||
| 007 | t| | ||
| 008 | 041028s1976 sp ||||1| spa d | ||
| 020 | _a84-400-1812-6 | ||
| 245 | 0 | 0 |
_aHomenajes a Palacio Valdés en Asturias / _c[recopilados por] Jesús-Andrés Solís. |
| 260 |
_a[S.l. : _bs.n., _c1976] ( _eCandás : _fEl Faro) |
||
| 300 |
_a88 p. ; _c17 cm. |
||
| 700 | 1 |
_aSolís, Jesús-Andrés. _9107213 |
|
| 700 | 1 |
_aPalacio Valdés, Armando, _d1853-1938 _988382 |
|
| 852 |
_aES-MaACL _jL-12650 _bR.115241 |
||
| 999 |
_c80480 _d80480 |
||